01570nam a22003857a 4500003000400000005001700004008004100021040002200062082001500084100003200099245001400131260005000145300001800195366000800213490001300221505016700234505009700401505008000498505015600578505001200734505001200746505002300758505003300781505001200814505002100826505003800847505001700885505002900902505001700931650004100948650004900989650004401038650005901082650004301141OSt20230531140808.0221006b |||||||| |||| 00| 0 eng d cBiblioteca Lado V a709bG335p aGenocchio, Benjamineeditor aPostwest/ aAustraliabUniversity of Wrstern Sydneyc1999 c21x28cma68p. espa a14v1999 aOPINIONgRocket Man: An Interview with Mckenzie Wark on the Role of the Public Intellectual Colin Hood Djamu Gallery The arts in the Age of Economic Rationalism aFEATURESgStreet Scenes in China A Very Sexy Medium On Museums, Galleries and their Walls aPROFILESgAh Xian Michael Schiavello Eugenia Raskopoulos Natsuho Takita  aEssaysgEintein's Brain If you look Closely you can Hear the slow collapse the fate of experimental film making place in site specific performance  aREVIEWS aStretch aPoetry and Silence aStills from 38 seconds, 2000 aSilence aOnce Upon a Time aA Conversation with Robert Ashley aFive Screens aWhither Silence? Withers aContributors 2Tesauro de Arte & ArquitecturaaARTE 2Tesauro de Arte & ArquitecturaaEXPOSICIONES 2Tesauro de Arte & ArquitecturaaCRITICA 2Tesauro de Arte & ArquitecturaaPUBLICACION PERIODICA  2Tesauro de Arte & ArquitecturaaINGLES